| 000 | 01026pam a2200337 a 4500 | ||
|---|---|---|---|
| 001 | 3887427 | ||
| 003 | OSt | ||
| 005 | 20210219170542.0 | ||
| 008 | 900816s1991 pau b 001 0 eng c | ||
| 010 | _a 90010260 | ||
| 020 | _a087434316X | ||
| 040 |
_aDNLM/DLC _cDLC _dDLC _dPHNSL |
||
| 050 | 0 | 0 |
_aRT73 _b.R35 1991 |
| 060 | _aWY 18 R333g | ||
| 082 | 0 | 0 |
_a610.73/071/1 _220 |
| 100 | 1 | _aRegan, Joan M. | |
| 245 | 1 | 0 |
_aGuide to surviving nursing school / _cJoan M. Regan, Joanne Trekas. |
| 260 |
_aSpringhouse, Pa. : _bSpringhouse Corp., _c1991. |
||
| 300 |
_a128 p. ; _c23 cm. |
||
| 440 | 0 | _aSpringhouse notes | |
| 504 | _aIncludes bibliographical references and index. | ||
| 650 | 0 |
_aNursing _xStudy and teaching. |
|
| 650 | 0 |
_aNursing students _xPsychology. |
|
| 650 | 2 | _aCurriculum. | |
| 650 | 2 | _aEducation, Nursing. | |
| 650 | 2 |
_aStudents, Nursing _xpsychology. |
|
| 700 | 1 | _aTrekas, Joanne. | |
| 906 |
_a7 _bcbc _corignew _d1 _eocip _f19 _gy-gencatlg |
||
| 942 |
_2lcc _cBK |
||
| 999 |
_c474 _d474 |
||